<?xml version="1.0" encoding="UTF-8"?>
<collection xmlns="http://www.loc.gov/MARC21/slim">
<record>
  <controlfield tag="001">171130</controlfield>
  <controlfield tag="005">20260515163944.0</controlfield>
  <datafield tag="024" ind1="7" ind2=" ">
    <subfield code="2">doi</subfield>
    <subfield code="a">10.1016/j.jadohealth.2013.11.001</subfield>
  </datafield>
  <datafield tag="024" ind1="8" ind2=" ">
    <subfield code="2">sideral</subfield>
    <subfield code="a">85354</subfield>
  </datafield>
  <datafield tag="037" ind1=" " ind2=" ">
    <subfield code="a">ART-2014-85354</subfield>
  </datafield>
  <datafield tag="041" ind1=" " ind2=" ">
    <subfield code="a">eng</subfield>
  </datafield>
  <datafield tag="100" ind1=" " ind2=" ">
    <subfield code="a">Matute-Llorente, Á.</subfield>
    <subfield code="0">(orcid)0000-0001-8500-1667</subfield>
  </datafield>
  <datafield tag="245" ind1=" " ind2=" ">
    <subfield code="a">Effect of whole-body vibration therapy on health-related physical fitness in children and adolescents with disabilities: A systematic review</subfield>
  </datafield>
  <datafield tag="260" ind1=" " ind2=" ">
    <subfield code="c">2014</subfield>
  </datafield>
  <datafield tag="520" ind1="3" ind2=" ">
    <subfield code="a">Purpose
To summarize the current literature regarding the effects of whole-body vibration (WBV) therapy on the health-related physical fitness of children and adolescents with disabilities.
Methods
A literature search using MEDLINE–PubMed, SPORT DISCUS, and EMBASE databases was conducted up to August 2013. A total of 22 articles were included in this review (eight randomized controlled trials, four non–randomized controlled trials, three case reports, and seven reviews).
Results
Most of the studies showed positive effects of WBV on health-related physical fitness in children and adolescents with disabilities. Overall, 10–20 minutes at least three times per week, for a minimum of 26 weeks, with high frequency (between 15 and 35 Hz) and low amplitude (no more than 4 mm of peak-to-peak displacement) might be an appropriate protocol to achieve improvement in body composition and muscular strength.
Conclusions
Because no serious adverse events have been observed, WBV might be defined as a safe treatment to be applied in children and adolescents with disabling conditions. Further research is recommended to explore the minimum dose of exposure to WBV required to elicit an optimal response in children and adolescents for improving health-related physical fitness. These may be translated into a more specific WBV protocol.</subfield>
  </datafield>
  <datafield tag="540" ind1=" " ind2=" ">
    <subfield code="9">info:eu-repo/semantics/closedAccess</subfield>
    <subfield code="a">All rights reserved</subfield>
    <subfield code="u">http://www.europeana.eu/rights/rr-f/</subfield>
  </datafield>
  <datafield tag="590" ind1=" " ind2=" ">
    <subfield code="a">3.612</subfield>
    <subfield code="b">2014</subfield>
  </datafield>
  <datafield tag="591" ind1=" " ind2=" ">
    <subfield code="a">PEDIATRICS</subfield>
    <subfield code="b">7 / 120 = 0.058</subfield>
    <subfield code="c">2014</subfield>
    <subfield code="d">Q1</subfield>
    <subfield code="e">T1</subfield>
  </datafield>
  <datafield tag="591" ind1=" " ind2=" ">
    <subfield code="a">PUBLIC, ENVIRONMENTAL &amp; OCCUPATIONAL HEALTH</subfield>
    <subfield code="b">7 / 146 = 0.048</subfield>
    <subfield code="c">2014</subfield>
    <subfield code="d">Q1</subfield>
    <subfield code="e">T1</subfield>
  </datafield>
  <datafield tag="591" ind1=" " ind2=" ">
    <subfield code="a">PSYCHOLOGY, DEVELOPMENTAL</subfield>
    <subfield code="b">11 / 68 = 0.162</subfield>
    <subfield code="c">2014</subfield>
    <subfield code="d">Q1</subfield>
    <subfield code="e">T1</subfield>
  </datafield>
  <datafield tag="591" ind1=" " ind2=" ">
    <subfield code="a">PUBLIC, ENVIRONMENTAL &amp; OCCUPATIONAL HEALTH</subfield>
    <subfield code="b">19 / 164 = 0.116</subfield>
    <subfield code="c">2014</subfield>
    <subfield code="d">Q1</subfield>
    <subfield code="e">T1</subfield>
  </datafield>
  <datafield tag="655" ind1=" " ind2="4">
    <subfield code="a">info:eu-repo/semantics/article</subfield>
    <subfield code="v">info:eu-repo/semantics/publishedVersion</subfield>
  </datafield>
  <datafield tag="700" ind1=" " ind2=" ">
    <subfield code="a">González-Agüero, A.</subfield>
    <subfield code="0">(orcid)0000-0002-1132-5906</subfield>
  </datafield>
  <datafield tag="700" ind1=" " ind2=" ">
    <subfield code="a">Gómez-Cabello, A.</subfield>
    <subfield code="0">(orcid)0000-0001-6492-2512</subfield>
  </datafield>
  <datafield tag="700" ind1=" " ind2=" ">
    <subfield code="a">Vicente-Rodríguez, G.</subfield>
    <subfield code="u">Universidad de Zaragoza</subfield>
    <subfield code="0">(orcid)0000-0002-4303-4097</subfield>
  </datafield>
  <datafield tag="700" ind1=" " ind2=" ">
    <subfield code="a">Casajús Mallén, J. A.</subfield>
    <subfield code="u">Universidad de Zaragoza</subfield>
    <subfield code="0">(orcid)0000-0002-7215-6931</subfield>
  </datafield>
  <datafield tag="710" ind1="2" ind2=" ">
    <subfield code="1">1006</subfield>
    <subfield code="2">245</subfield>
    <subfield code="a">Universidad de Zaragoza</subfield>
    <subfield code="b">Dpto. Fisiatría y Enfermería</subfield>
    <subfield code="c">Área Educación Física y Depor.</subfield>
  </datafield>
  <datafield tag="773" ind1=" " ind2=" ">
    <subfield code="g">54, 4 (2014), 385-396</subfield>
    <subfield code="p">J. adolesc. health</subfield>
    <subfield code="t">JOURNAL OF ADOLESCENT HEALTH</subfield>
    <subfield code="x">1054-139X</subfield>
  </datafield>
  <datafield tag="856" ind1="4" ind2=" ">
    <subfield code="s">558938</subfield>
    <subfield code="u">http://zaguan.unizar.es/record/171130/files/texto_completo.pdf</subfield>
    <subfield code="y">Versión publicada</subfield>
  </datafield>
  <datafield tag="856" ind1="4" ind2=" ">
    <subfield code="s">2582520</subfield>
    <subfield code="u">http://zaguan.unizar.es/record/171130/files/texto_completo.jpg?subformat=icon</subfield>
    <subfield code="x">icon</subfield>
    <subfield code="y">Versión publicada</subfield>
  </datafield>
  <datafield tag="909" ind1="C" ind2="O">
    <subfield code="o">oai:zaguan.unizar.es:171130</subfield>
    <subfield code="p">articulos</subfield>
    <subfield code="p">driver</subfield>
  </datafield>
  <datafield tag="951" ind1=" " ind2=" ">
    <subfield code="a">2026-05-15-14:53:21</subfield>
  </datafield>
  <datafield tag="980" ind1=" " ind2=" ">
    <subfield code="a">ARTICLE</subfield>
  </datafield>
</record>
</collection>